[Event "Werther Schloss op-C 12th"]
[Site "Werther"]
[Date "2006.04.08"]
[Round "3"]
[White "Borgstedt, Rainer"]
[Black "Radde, Horst"]
[Result "1-0"]
[WhiteElo "1618"]
[BlackElo "1734"]
[PlyCount "120"]
[EventDate "2006.04.07"]
[EventType "swiss"]
[EventRounds "5"]
[EventCountry "GER"]
[SourceTitle "EXT 2008"]
[Source "ChessBase"]
[SourceDate "2007.11.25"]
[SourceVersion "1"]
[SourceVersionDate "2007.11.25"]
[SourceQuality "1"]

1. d4 d6 2. c4 e6 3. Nc3 a6 4. Nf3 Nd7 5. Bg5 Be7 6. Bxe7 Nxe7 7. e3 0-0 8. Bd3 h6 9. 0-0 c5 10. Re1 d5 11. cxd5 exd5 12. dxc5 Nxc5 13. Be2 Be6 14. Nd4 b5 15. Bf3 b4 16. Na4 Rc8 17. Rc1 Qd6 18. Nxc5 Rxc5 19. Re2 Rfc8 20. Rec2 Ng6 21. Rxc5 Rxc5 22. Rxc5 Qxc5 23. Qc2 Qxc2 24. Nxc2 a5 25. Nd4 Ne5 26. Be2 a4 27. b3 Bd7 28. Nc2 axb3 29. axb3 Nc6 30. Bb5 Kf8 31. Bxc6 Bxc6 32. Nxb4 Bb7 33. Nc2 Ke7 34. Nd4 g6 35. Kf1 Kd6 36. Ke2 Kc5 37. Kd2 Kb4 38. Kc2 h5 39. g3 Kc5 40. Kc3 Kd6 41. b4 Bc8 42. b5 Kc5 43. Kb3 g5 44. Ka4 Kb6 45. Kb4 Bd7 46. Nf3 f6 47. Nd4 g4 48. Ne2 Be8 49. Nc3 Bf7 50. Na4+ Kc7 51. Kc5 Be8 52. Nc3 f5 53. Nxd5+ Kb7 54. Ne7 Bd7 55. Kd6 Bxb5 56. Nxf5 Bd3 57. Ke5 Kc6 58. Ng7 Bg6 59. Kf6 Bd3 60. Nxh5 Bc2 1-0

[Event "Werther Schloss op-B 10th"]
[Site "Werther"]
[Date "2004.04.04"]
[Round "5"]
[White "Borgstedt, Rainer"]
[Black "Joedicke, Enrico"]
[Result "1/2-1/2"]
[WhiteElo "1714"]
[BlackElo "1501"]
[PlyCount "62"]
[EventDate "2004.04.02"]
[EventType "swiss"]
[EventRounds "5"]
[EventCountry "GER"]
[SourceTitle "EXT 2006"]
[Source "ChessBase"]
[SourceDate "2005.11.24"]
[SourceVersion "1"]
[SourceVersionDate "2005.11.24"]
[SourceQuality "1"]

1. d4 g6 2. g3 Bg7 3. Bg2 c5 4. e3 Nf6 5. Nf3 0-0 6. 0-0 cxd4 7. exd4 d5 8. Re1 Nc6 9. Ne5 Bf5 10. Nxc6 bxc6 11. c3 Re8 12. Nd2 Nd7 13. Nb3 e5 14. dxe5 Nxe5 15. Be3 Nc4 16. Qc1 Nxe3 17. Rxe3 Qd6 18. Qd2 Rad8 19. Rae1 Rxe3 20. Qxe3 d4 21. Nxd4 Bxd4 22. Qxd4 Qxd4 23. cxd4 Rxd4 24. Bxc6 Rd2 25. Re8+ Kg7 26. Kg2 Be6 27. b4 Rxa2 28. b5 Bc4 29. Ra8 Rb2 30. Rxa7 Bxb5 31. Bd5 Be8 1/2-1/2